Obálka Náhled e-knihy:
Epub
Pro půjčování e-knih musíte být přihlášeni.
Jak si půjčit online?

Mirror world. I., Projekt Každodenní rutina /

Román žánru LitRPG. Hrdina si vydělává prací ve virtuální realitě, aby zachránil svou dceru.

Uloženo v:
Série:Mirror world, část 1
Hlavní autor: Osadčuk, Alexej, 1979- (Autor)
Další autoři: Benda, Jan (Autor)
Médium: E-kniha
Jazyk:Czech
Vydáno: Ostrava : Fantom Print, 2022
Vydání:1. vydání
Témata:
Příbuzné jednotky:Název anglického překladu:: Project Daily grind
Z cyklu:: Mirror world
Tagy:
Žádné tagy
LEADER 02781nam a2200481 i 4500
001 311590
003 CZ PrSKC
005 20260601215708.0
007 ta
008 220609s2022 xr g 000 f cze
015 |a cnb003427944 
020 |a 9788075941107  |q (brožováno) 
035 |a (OCoLC)1335741959 
040 |a ABG001  |b cze  |e rda 
041 1 |a cze  |k eng  |h rus 
072 7 |a 821.161.1  |x Ruská literatura, rusky psaná  |2 Konspekt 
080 |a 821.161.1-31  |2 MRF 
080 |a (0:82-311.9)  |2 MRF 
100 1 |a Osadčuk, Alexej,  |d 1979-  |7 xx0273768  |4 aut 
240 1 0 |a Projekt "Rabotjaga".  |l Česky 
245 1 0 |a Mirror world.  |n I.,  |p Projekt Každodenní rutina /  |c Alexej Osadčuk ; překlad Jan Benda 
246 3 0 |a Projekt Každodenní rutina 
250 |a 1. vydání 
264 1 |a Ostrava :  |b Fantom Print,  |c 2022 
300 |a 350 stran ;  |c 21 cm 
336 |a text  |b txt  |2 rdacontent 
337 |a bez média  |b n  |2 rdamedia 
338 |a svazek  |b nc  |2 rdacarrier 
500 |a Přeloženo z anglického překladu ruského originálu 
520 2 |a Román žánru LitRPG. Hrdina si vydělává prací ve virtuální realitě, aby zachránil svou dceru.  |b Olegova dcera umírá. Zachránit ji může jedině uměle vypěstované srdce - a to není zrovna levná záležitost. Oleg potřebuje rychle sehnat dvě stě tisíc eur, což představuje nemožný úkol. Virtuální fantasy svět obydlený hráči všech možných ras nabízí dobrodružství a spoustu příležitostí k snadnému výdělku. Oleg neváhá a ponoří se do hry. Zdá se, že má vyhráno. Jenže tak jednoduché to nebude. Shodou okolností si totiž vybere „mrtvou“ rasu, výtvor zhrzeného vývojáře Pierrota, který před svým odchodem stihl do hry vložit několik tajemných misí. Oleg plánuje, že si odpracuje své a nechá hru hrou, ale Mirror World je mnohem návykovější, než si dokázal představit. Nakladatelská anotace. Kráceno. 
546 |a Český text 
655 7 |a rusky psané romány  |7 fd227906  |2 czenas 
655 7 |a vědecko-fantastické romány  |7 fd133847  |2 czenas 
655 9 |a fiction in Russian  |2 eczenas 
655 9 |a science fiction novels  |2 eczenas 
700 1 |a Benda, Jan  |7 ola20191051181  |4 trl 
765 0 8 |i Název anglického překladu:  |t Project Daily grind 
787 0 8 |i Z cyklu:  |t Mirror world  |g 1 
900 |a ABA001  |b 21 
044 |a xr 
910 |a RBIT002 
998 |d 353804  |a https://core.palmknihy.cz/api/books/353804/cover?rd21nn  |b https://core.palmknihy.cz/api/books/353804/cover/400?rd21nn  |c https://core.palmknihy.cz/api/books/353804/cover/50?rd21nn  |e 2026-11-11  |g 352  |i 9788075941107  |j https://core.palmknihy.cz/api/books/353804/preview.epub  |l   |q 49  |r 1  |s https://www.palmknihy.cz/kniha/353804  |t ebook  |y 2022  |z 0  |v Mirror World  |w 1 
999 |d 311588